|
|
|
|
| LEADER |
00000nam0a2200000 4500 |
| 001 |
25880 |
| 005 |
20231030201220.0 |
| 035 |
|
|
|a (RuTPU)RU\TPU\book\26118
|
| 035 |
|
|
|a BOOK00000034
|
| 090 |
|
|
|a 25880
|
| 100 |
|
|
|a 20011209d1990 k y0engy50 ba
|
| 101 |
0 |
|
|a eng
|
| 102 |
|
|
|a US
|
| 105 |
|
|
|a a z 000zy
|
| 200 |
1 |
|
|a Routing and Dimensioning in Circuit-Switched Networks
|f A. Girard
|
| 210 |
|
|
|a New York
|c Addison-Wesley Publishing Company
|d 1990
|
| 215 |
|
|
|a 556 p.
|c il.
|
| 610 |
1 |
|
|a электротехника
|
| 610 |
1 |
|
|a электрическая энергия
|
| 610 |
1 |
|
|a сети
|
| 610 |
1 |
|
|a распределительные сети
|
| 610 |
1 |
|
|a электрические сети
|
| 675 |
|
|
|a 621.316.1
|v 3
|
| 700 |
|
1 |
|a Girard
|b A.
|g Andre
|
| 801 |
|
0 |
|a RU
|b 63413507
|c 20011209
|g PSBO
|
| 801 |
|
2 |
|a RU
|b 63413507
|c 20090713
|g PSBO
|
| 942 |
|
|
|c BK
|